| 000 | 01908nam a2200481Ii 4500 | ||
|---|---|---|---|
| 001 | DIGRVRT0326 | ||
| 003 | NyNyDIG | ||
| 006 | m o d | ||
| 007 | cr ||||||||||| | ||
| 008 | 221127s2021 sp a o 000 0 spa d | ||
| 035 | _a(OCoLC)1239748367 | ||
| 040 |
_aDGITA _beng _erda _epn _cDGITA |
||
| 020 |
_a9788429192391 _qe-book _qpdf |
||
| 020 |
_z9788429134261 _qpapel |
||
| 041 | 1 |
_aspa _hger |
|
| 050 | 1 | 4 | _aTK145 ebook |
| 082 | 0 | 4 | _a621.31 |
| 100 | 1 |
_aKlaue, Jürgen, _eauthor. |
|
| 240 | 1 | 0 |
_aElektrotechnik-Grudstufe Fachzeichnen. _lSpanish _s(Molina) |
| 245 | 1 | 0 |
_aElectrotecnia : _bcurso elemental / _cJürgen Klaue, Leopold Gottschlich ; versión española por Karl de Molina. |
| 264 | 1 |
_aBarcelona : _bEditorial Reverté, _c[2021] |
|
| 300 |
_a1 online resource : _billustrations. |
||
| 336 |
_atext _btxt _2rdacontent |
||
| 337 |
_acomputer _bc _2rdamedia |
||
| 338 |
_aonline resource _bcr _2rdacarrier |
||
| 347 |
_atext file _2rdaft |
||
| 347 | _bPDF | ||
| 490 | 1 | _aSerie Reverté de formación profesional | |
| 500 | _aIncludes index. | ||
| 588 | 0 | _aOnline resource; title from PDF title page (Digitalia, viewed November 27, 2022) | |
| 650 | 0 | _aElectrical engineering. | |
| 655 | 0 | _aElectronic books. | |
| 700 | 1 |
_aGottschlich, Leopold, _eauthor. |
|
| 700 | 1 |
_aMolina, Karl de, _etranslator. |
|
| 700 | 1 |
_iTranslation of: _aKlaue, Jürgen. _tElektrotechnik-Grudstufe Fachzeichnen. |
|
| 791 | 2 |
_aDigitalia (Firm), _edistributor. |
|
| 793 | 0 |
_gDigitalia eBook Collection: _aEditorial Reverté |
|
| 776 | 0 | 8 |
_iPrint version: _aKlaue, Jürgen. _sElektrotechnik-Grudstufe Fachzeichnen. Spanish (Molina). _tElectrotecnia. _dBarcelona : Editorial Reverté, [1986] _z9788429134261 |
| 830 | 0 | _aSerie Reverté de formación profesional. | |
| 856 | 4 | 0 |
_3Digitalia Hispánica _uhttps://www.digitaliapublishing.com/a/103438/ |
| 910 | _aPremium collection: 2022 | ||
| 942 | _cRAA | ||
| 999 |
_c269607 _d269607 |
||